000 00324nam a2200133Ia 4500
005 20251222141945.0
008 251222s9999||||xx |||||||||||||| ||spa||
020 _a84-89295-05-0
082 _a278.5/U77
100 _aUriarte, Manuel JoaquĆ­n
245 0 _aDiario de un Misionero de Maynas
264 _bNarcea
942 _cLIB
999 _c9500
_d9500